000 00386nam a22001697a 4500
003 MPLRDC
005 20220104172632.0
008 210129b ||||| |||| 00| 0 eng d
082 _a870.57 SOM
100 _aSYLVIE F. SOMMERFIELD
245 _aFIRES OF SRRENDER
_c
250 _a初版
260 _a
_bZEBRA BOOKS
_c1990
300 _b
650 _a
942 _cBK
_o870.57 SOM
999 _c59049
_d59039